| 000 -LEADER |
| fixed length control field |
01260nam a22002297a 4500 |
| 005 - DATE AND TIME OF LATEST TRANSACTION |
| control field |
20220705112452.0 |
| 008 - FIXED-LENGTH DATA ELEMENTS--GENERAL INFORMATION |
| fixed length control field |
220705s2001ge xxu||||| |||| 00| 0 ger d |
| 020 ## - INTERNATIONAL STANDARD BOOK NUMBER |
| International Standard Book Number |
9783934471122 |
| 041 ## - LANGUAGE CODE |
| Language code of text/sound track or separate title |
ger |
| 080 ## - UNIVERSAL DECIMAL CLASSIFICATION NUMBER |
| Universal Decimal Classification number |
376 M-78 |
| 245 ## - TITLE STATEMENT |
| Title |
Mobilität und lebenspraktische Fertigkeiten im Unterricht mit sehges chädigten Kindern und Jugendlichen / |
| Statement of responsibility, etc. |
Bruno Schor; Rosa Maria Weiß-Gschwendtner; Wolfgang Bosch |
| 264 ## - PRODUCTION, PUBLICATION, DISTRIBUTION, MANUFACTURE, AND COPYRIGHT NOTICE |
| Place of production, publication, distribution, manufacture |
wurzbug: |
| Name of producer, publisher, distributor, manufacturer |
edition bentheim, |
| Date of production, publication, distribution, manufacture, or copyright notice |
2001. |
| 300 ## - PHYSICAL DESCRIPTION |
| Extent |
251 p.: |
| Other physical details |
Illust; |
| Dimensions |
Diagr; |
| Accompanying material |
23 cm. |
| 653 ## - INDEX TERM--UNCONTROLLED |
| keyword |
Mobilität und lebenspraktische Fertigkeiten im Unterricht mit sehgeschädigten Kindern und Jugendlichen |
| 653 ## - INDEX TERM--UNCONTROLLED |
| keyword |
მობილურობა და ცხოვრების პრაქტიკული უნარები საკლასო ოთახში მხედველობის დაქვეითებულ ბავშვებსა და ახალგაზრდებში |
| 653 ## - INDEX TERM--UNCONTROLLED |
| keyword |
პედაგოგიკა |
| 700 ## - ADDED ENTRY--PERSONAL NAME |
| Personal name |
Bruno, Schor |
| 9 (RLIN) |
14287 |
| 700 ## - ADDED ENTRY--PERSONAL NAME |
| Personal name |
Rosa Maria Weiß-Gschwendtner; |
| 9 (RLIN) |
14288 |
| 700 ## - ADDED ENTRY--PERSONAL NAME |
| Personal name |
Wolfgang, Bosch |
| 9 (RLIN) |
14289 |
| 710 ## - ADDED ENTRY--CORPORATE NAME |
| Corporate name or jurisdiction name as entry element |
; Staatsinstitut für Schulpädagogik und Bildungsforschung (München). Abteilung Förderschulen |
| 9 (RLIN) |
14290 |
| 942 ## - ADDED ENTRY ELEMENTS (KOHA) |
| Source of classification or shelving scheme |
|
| Koha item type |
წიგნი |